| 000 | 01120nac a22002651u 4500 | ||
|---|---|---|---|
| 008 | 100919s1996 n |||||r|||| 00| 0 eng d | ||
| 010 | _a 95044206 | ||
| 020 | _a0471961833 (alk. paper) | ||
| 082 | 0 | 0 |
_a658.4038011 _bWAR _222 |
| 100 |
_aWard, John, _919449 |
||
| 245 | 1 | 0 |
_aStrategic Planning for Information Systems / _cJohn Ward, Pat Griffiths. |
| 250 | _a2nd ed. | ||
| 260 |
_aChichester ; _aNew York : _bWiley, _cc1996. |
||
| 300 |
_axv, 586 p. : _bill. ; _c24 cm. |
||
| 650 | 0 |
_aBusiness _xData processing. _919450 |
|
| 650 | 0 |
_aManagement information systems. _919451 |
|
| 650 | 0 |
_aBusiness _xCommunication systems. _919452 |
|
| 650 | 0 |
_aStrategic planning. _919453 |
|
| 700 | 1 |
_aGriffiths, P. M. _919454 |
|
| 830 | 0 |
_aJohn Wiley information systems series. _919455 |
|
| 856 | 4 |
_3Table of Contents _uhttp://www.loc.gov/catdir/toc/onix01/95044206.html |
|
| 856 | 4 |
_3Contributor biographical information _uhttp://www.loc.gov/catdir/enhancements/fy0607/95044206-b.html |
|
| 856 | 4 |
_3Publisher description _uhttp://www.loc.gov/catdir/enhancements/fy0607/95044206-d.html |
|
| 942 |
_cBB _k658.4 WAR _2ddc |
||
| 999 |
_c401 _d401 |
||